Problems of education / (Record no. 67850)

MARC details
000 -LEADER
fixed length control field 00401nam a22001457a 4500
005 - DATE AND TIME OF LATEST TRANSACTION
control field 20180710161856.0
020 ## - INTERNATIONAL STANDARD BOOK NUMBER
Terms of availability 00
035 ## - SYSTEM CONTROL NUMBER
System control number B-158701, B-158700
037 ## - SOURCE OF ACQUISITION
Stock number DPL
Source of stock number/acquisition ENG
100 ## - MAIN ENTRY--PERSONAL NAME
Personal name Sharma, Promila
245 ## - TITLE STATEMENT
Title Problems of education /
Statement of responsibility, etc by Promila Sharma
260 ## - PUBLICATION, DISTRIBUTION, ETC. (IMPRINT)
Place of publication, distribution, etc New Delhi
Name of publisher, distributor, etc APH Publishing House
Date of publication, distribution, etc 2005
300 ## - PHYSICAL DESCRIPTION
Extent v, 336p.
Dimensions 20 cms.
942 ## - ADDED ENTRY ELEMENTS (KOHA)
Source of classification or shelving scheme Dewey Decimal Classification
Item type English Books
Classification part 371.967
Call number suffix SHA
Holdings
Withdrawn status Lost status Not for loan Collection code Home library Current library Date acquired Source of acquisition Cost, normal purchase price Full call number Barcode Copy number Cost, replacement price Koha item type
      Non-fiction Patel Nagar Patel Nagar 10/07/2018 BPPD/Pub 0.00 371.967 SHA B-158700   0.00 English Books
      Non-fiction Sarojini Nagar Sarojini Nagar 13/06/2012 price not mentioned 0.00 371.967 SHA B-158701 00 0.00 English Books

© Delhi Public Library
Hit Counter
free hit counter